000 01450cam a2200361 a 4500
001 14009757
005 20081015070848.0
008 050620s2006 enka b 001 0 eng d
010 _a 2005929494
020 _a1412908620
020 _a1412908639 (pbk.)
020 _a9781412908627
024 3 _a9781412908634 (pbk.)
035 _a(CStRLIN)PATGB30339017-B
040 _aUKM
_cUKM
_dBAKER
_dBWKUK
_dNIC
_dPPT
_dDLC
042 _alccopycat
050 0 0 _aHD58.8
_b.D876 2006
082 0 0 _a658.406
_222
_bDUR
100 1 _aDurand, Rodolphe.
_94155
245 1 0 _aOrganizational evolution and strategic management /
_cRudolphe Durand.
260 _aLondon ;
_aThousand Oaks, Calif. :
_bSAGE,
_c2006.
300 _ax, 190 p. :
_bill. ;
_c24 cm.
440 0 _aSage strategy series.
_94156
504 _aIncludes bibliographical references (p. [164]-179) and index.
650 0 _aOrganizational change.
_94157
650 0 _aStrategic planning.
_94158
856 4 2 _3Publisher description
_uhttp://www.loc.gov/catdir/enhancements/fy0728/2005929494-d.html
856 4 1 _3Table of contents only
_uhttp://www.loc.gov/catdir/enhancements/fy0728/2005929494-t.html
942 _2ddc
_cBB
999 _c11408
_d11408